Sapo y Sepo, un año entero / (Registro nro. 11896)

Detalles MARC
000 -LEADER
fixed length control field 00944nam a22002897a 4500
001 - CONTROL NUMBER
control field 000679
003 - CONTROL NUMBER IDENTIFIER
control field DO-SdBNP
005 - DATE AND TIME OF LATEST TRANSACTION
control field 20180208132019.0
007 - PHYSICAL DESCRIPTION FIXED FIELD--GENERAL INFORMATION
fixed length control field 000679
008 - FIXED-LENGTH DATA ELEMENTS--GENERAL INFORMATION
fixed length control field 161110b 1994 ck a ||||| |||| 00| 0 spa d
020 ## - INTERNATIONAL STANDARD BOOK NUMBER
International Standard Book Number 9582401761
040 ## - CATALOGING SOURCE
Original cataloging agency BPMSU
Language of cataloging spa
Transcribing agency BPMSU
082 ## - DEWEY DECIMAL CLASSIFICATION NUMBER
Classification number xxxx
Item number xxxx
100 1# - MAIN ENTRY--PERSONAL NAME
Personal name Lobel, Arnold,
Dates associated with a name 1933-
240 1# - UNIFORM TITLE
Uniform title <a href="Frog and toad all year.">Frog and toad all year.</a>
Language of a work Español
245 10 - TITLE STATEMENT
Title Sapo y Sepo, un año entero /
Statement of responsibility, etc. Arnold Lobel ; traducción de Maria Puncel.
260 ## - PUBLICATION, DISTRIBUTION, ETC. (IMPRINT)
Place of publication, distribution, etc. Santafe de Bogota, Colombia :
Name of publisher, distributor, etc. Alfaguara,
Date of publication, distribution, etc. 1994.
300 ## - PHYSICAL DESCRIPTION
Extent 66 p. :
Other physical details il. ;
Dimensions 19 cm.
490 1# - SERIES STATEMENT
Series statement Infantil Alfaguara
500 ## - GENERAL NOTE
General note Para niños a partir de los 6 años.
500 ## - GENERAL NOTE
General note Incluye datos biográficos de la autora en la solapa de la contracubierta
700 12 - ADDED ENTRY--PERSONAL NAME
Personal name Puncel, Maria,
Relator term tr.
830 #0 - SERIES ADDED ENTRY--UNIFORM TITLE
Uniform title Infantil Alfaguara
942 ## - ADDED ENTRY ELEMENTS (KOHA)
Source of classification or shelving scheme Dewey Decimal Classification
Koha item type Libros
945 ## - LOCAL PROCESSING INFORMATION (OCLC)
a Inventariado, 2018 /LP
956 ## - LOCAL ELECTRONIC LOCATION AND ACCESS (OCLC)
Access method LOPEREZ
Materials specified 10
Linkage 20161110
Field link and sequence number BPMSU
Host name 00041
Existencias
Withdrawn status Lost status Source of classification or shelving scheme Damaged status Not for loan Collection code Home library Current library Date acquired Source of acquisition Total Checkouts Barcode Date last seen Price effective from Koha item type
    Dewey Decimal Classification     Colección Infantil General Biblioteca Pública Metropolitana Salomé Ureña Biblioteca Pública Metropolitana Salomé Ureña 11/10/2016 Donación   BPMSU16111174 11/10/2016 11/10/2016 Libros